[Event "2.Magistral Ciudad de Zaragoza"]
[Site "Zaragoza ESP"]
[Date "2006.08.31"]
[Round "6.2"]
[White "Antoli Royo, Joaquin Miguel"]
[Black "Lopez Gracia, Fernando"]
[Result "1/2-1/2"]
[WhiteElo "2356"]
[BlackElo "2339"]
[PlyCount "57"]
[EventDate "2006.08.26"]
[EventType "tourn"]
[EventRounds "1"]
[EventCountry "ESP"]
[EventCategory "3"]
[Source "lmi"]
[SourceDate "2006.08.26"]

1. e4 e5 2. Bc4 Nf6 3. d3 Nc6 4. Nc3 Na5 5. Nge2 c6 6. a3 Nxc4 7. dxc4 d6 8.
Qd3 Be7 9. b3 O-O 10. a4 Be6 11. Ba3 Qc7 12. Rd1 Rad8 13. Qf3 Rfe8 14. O-O d5
15. Bxe7 Rxe7 16. cxd5 cxd5 17. Nxd5 Bxd5 18. exd5 Qxc2 19. Ng3 e4 20. Qf4 Red7
21. Nf5 Ne8 22. Rfe1 g6 23. Nd4 Qc5 24. Rxe4 Rxd5 25. Qe3 Nd6 26. Re7 Kf8 27.
Rd3 Nf5 28. Nxf5 Qxe3 29. Rdxe3 1/2-1/2

[Event "2.Magistral Ciudad de Zaragoza"]
[Site "Zaragoza ESP"]
[Date "2006.08.31"]
[Round "6.3"]
[White "Llorente Zaro, Alfonso"]
[Black "Vilela, Jose Luis"]
[Result "1/2-1/2"]
[WhiteElo "2367"]
[BlackElo "2355"]
[PlyCount "32"]
[EventDate "2006.08.26"]
[EventType "tourn"]
[EventRounds "1"]
[EventCountry "ESP"]
[EventCategory "3"]
[Source "lmi"]
[SourceDate "2006.08.26"]

1. c4 c6 2. Nf3 d5 3. d4 Nf6 4. Nc3 e6 5. cxd5 exd5 6. Bg5 Bf5 7. Qb3 Qb6 8.
Bxf6 Qxb3 9. axb3 gxf6 10. e3 Nd7 11. Kd2 Nb6 12. Bd3 Be6 13. Nh4 Bb4 14. Kc2
Kd7 15. Rhc1 Kc7 16. Ne2 a6 1/2-1/2

[Event "2.Magistral Ciudad de Zaragoza"]
[Site "Zaragoza ESP"]
[Date "2006.08.31"]
[Round "6.4"]
[White "Villuendas Valero, Adrian"]
[Black "Gomez Anadon, Daniel"]
[Result "0-1"]
[WhiteElo "2170"]
[BlackElo "2254"]
[PlyCount "105"]
[EventDate "2006.08.26"]
[EventType "tourn"]
[EventRounds "1"]
[EventCountry "ESP"]
[EventCategory "3"]
[Source "lmi"]
[SourceDate "2006.08.26"]

1. e4 c5 2. Nf3 d6 3. d4 cxd4 4. Nxd4 Nf6 5. Nc3 a6 6. Bc4 e6 7. Bb3 b5 8. Qf3
Bb7 9. O-O Nbd7 10. Re1 Ne5 11. Qg3 Rc8 12. Bg5 h6 13. Qh3 Nc4 14. Nd5 hxg5 15.
Qxh8 exd5 16. exd5+ Kd7 17. Qh3+ g4 18. Qd3 g6 19. Bxc4 bxc4 20. Qa3 Qb6 21.
Qa4+ Kd8 22. Nc6+ Bxc6 23. dxc6 Rxc6 24. Rad1 d5 25. c3 Bc5 26. Qc2 Rd6 27. Kf1
Re6 28. b4 cxb3 29. axb3 Rxe1+ 30. Rxe1 Ne4 31. Qd3 Bd6 32. Qc2 Qxb3 33. Qxb3
Nd2+ 34. Ke2 Nxb3 35. Rd1 Kd7 36. Rxd5 Kc6 37. c4 a5 38. Kd3 Nc5+ 39. Kc2 Bxh2
40. Rg5 Bg1 41. Rxg4 Bxf2 42. Rf4 Be3 43. Rxf7 Bd4 44. Rf4 Ne6 45. Re4 Kd6 46.
Rg4 g5 47. Kb3 Nc5+ 48. Kc2 Be3 49. Rg3 Bf4 50. Ra3 a4 51. g3 Be5 52. Rf3 Nb3
53. Kb1 0-1

[Event "2.Magistral Ciudad de Zaragoza"]
[Site "Zaragoza ESP"]
[Date "2006.08.31"]
[Round "6.5"]
[White "Marin, Sebastian"]
[Black "Adla, Diego Gustavo"]
[Result "0-1"]
[WhiteElo "2212"]
[BlackElo "2474"]
[PlyCount "48"]
[EventDate "2006.08.26"]
[EventType "tourn"]
[EventRounds "1"]
[EventCountry "ESP"]
[EventCategory "3"]
[Source "lmi"]
[SourceDate "2006.08.26"]

1. e4 e5 2. Nf3 Nc6 3. Bb5 a6 4. Ba4 Nf6 5. d4 exd4 6. O-O Be7 7. Re1 b5 8. Bb3
d6 9. Bd5 Nxd5 10. exd5 Ne5 11. Nxd4 O-O 12. f4 Bg4 13. Qd2 Nc4 14. Qd3 Bh4 15.
Re4 c5 16. dxc6 d5 17. Re5 Qd6 18. g3 Bf6 19. Re1 Rfe8 20. Be3 Nxb2 21. Qc3 Nd1
22. Qd3 Nxe3 23. Rxe3 Qb4 24. Rxe8+ Rxe8 0-1